000 00378nam a22001577a 4500
003 OSt
005 20240321115854.0
008 170717b xxu||||| |||| 00| 0 eng d
020 _a0070379564
040 _cSEROSOFT
_dSEROSOFT
100 _aLINSLEY KOHLER A
245 _aHYDROLOGY FOR ENGINEERS
260 _aNEW DELHI
_bMC GRAW HILL
_c2014
300 _a340
942 _2ddc
_c03
999 _c35883
_d35883